=LDR 00000nam 2200000 4500 =001 INLIS000000000047034 =005 20221213070947 =035 ##$$a 0010-071500000000004 =008 221213###########################0###### =082 ##$$a 028.5 =090 ##$$a 028.5 mua a.5 =100 ##$$a Ali Muakhir =245 1#$$a Apa Itu Mubah : $b What Is Mubah =260 ##$$a BUMI AKSARA GRUOP =300 ##$$a hln.31 =850 ##$$a NPBMAT =990 ##$$a 2090100880/BPAP-NTB/2015